Analýza vnútorných tokov dvojfázových atomizérov pomocou metódy CFD
Guardado en:
| Autor principal: | |
|---|---|
| Otros Autores: | |
| Formato: | Manuscrito Libro |
| Lenguaje: | eslovaco |
| Publicado: |
2016
|
| Materias: | |
| Acceso en línea: | http://is.stuba.sk/zp/portal_zp.pl?podrobnosti=133503 |
| Etiquetas: |
Sin Etiquetas, Sea el primero en etiquetar este registro!
|
MARC
| LEADER | 00000ntm a22000003a 4500 | ||
|---|---|---|---|
| 001 | stuzp57631 | ||
| 003 | SK-STU | ||
| 005 | 20160719155321.0 | ||
| 007 | ta | ||
| 008 | 150427s2015----xo-----f-mn---000-0-slo-d | ||
| 040 | |a STU |b slo | ||
| 041 | 0 | |a slo | |
| 100 | 1 | |a Smolár, Marek |u 020060 |k Z4 |4 aut |U SjF Strojnícka fakulta |T SjF Ústav energetických strojov a zariadení |X 42124 |U J0060 |Y 805 |7 A000042124 | |
| 242 | 0 | 1 | |a The analysis of twin-fluid flow patterns in the atomizers using the method of CFD |y eng |
| 245 | 1 | 0 | |a Analýza vnútorných tokov dvojfázových atomizérov pomocou metódy CFD |
| 260 | |c 2016 | ||
| 650 | 4 | |a vnútorný tok |2 slo | |
| 650 | 4 | |a prúdenie |2 slo | |
| 650 | 4 | |a analýza |2 slo | |
| 650 | 4 | |a simulácia |2 slo | |
| 650 | 4 | |a dvojfázový atomizér |2 slo | |
| 650 | 4 | |a CFD |2 slo | |
| 650 | 4 | |a twin-fluid atomizer |2 eng | |
| 650 | 4 | |a internal flow pattern |2 eng | |
| 650 | 4 | |a analysis |2 eng | |
| 650 | 4 | |a simulation |2 eng | |
| 650 | 4 | |a CFD |2 eng | |
| 700 | 1 | |a Mlkvik, Marek |u 020060 |k Z1 |4 ths |U SjF Strojnícka fakulta |T SjF Ústav energetických strojov a zariadení |X 13109 |U J0060 |Y 805 |7 A000013109 | |
| 856 | 4 | |u http://is.stuba.sk/zp/portal_zp.pl?podrobnosti=133503 | |
| 996 | |b 284J043914 |c J* 2204/DP |l JJSK |s A |a 24 |w stuzp57631_0001 | ||
| SQL | |a stuzp57631 |b DDP |c SLO |d Analýza vnútorných tokov dvojfázových atomizérov pomocou metódy CFD |e 42124 |f Smolár, Marek |g 020060 |h 13109 |i Mlkvik, Marek |j 20160615 |k 1306 |l 02 |m http://is.stuba.sk/zp/portal_zp.pl?podrobnosti=133503 |n I-ESZ |o 5.2.6. energetické stroje a zariadenia | ||